Statistics for Canadian Provinces by Flag Maps

Click here to take the quiz!

General Stats

  • This quiz has been taken 23 times
  • The average score is 12 of 13

Answer Stats

Answer% Correct
Quebec
100%
Alberta
95%
British Columbia
95%
Manitoba
95%
Nunavut
95%
Prince Edward Island
95%
Yukon
95%
New Brunswick
90%
Northwest Territories
90%
Nova Scotia
90%
Ontario
90%
Saskatchewan
90%
Newfoundland and Labrador
86%

Score Distribution

Percentile by Number Answered

Percent of People with Each Score

Your Score History

You have not taken this quiz